Najbardziej zaludnione powiaty ziemskie - Statystyki

Ogólne statystyki
  • Ten quiz został rozwiązany 60 razy
  • Średni wynik to 16 z 20
Statystyki odpowiedzi
Województwo
Liczba
Ludności
Powiat % Poprawnych
Wielkopolskie 445121 Poznański
100%
Małopolskie 301357 Krakowski
98%
Świętokrzyskie 211735 Kielecki
94%
Podlaskie 157064 Białostocki
90%
Podkarpackie 175312 Rzeszowski
88%
Lubelskie 157154 Lubelski
87%
Pomorskie 228201 Wejherowski
87%
Małopolskie 197418 Tarnowski
85%
Małopolskie 214962 Nowosądecki
83%
Małopolskie 190087 Nowotarski
81%
Mazowieckie 274522 Wołomiński
79%
Dolnośląskie 184738 Wrocławski
79%
Mazowieckie 178714 Pruszkowski
77%
Łódzkie 166322 Zgierski
77%
Mazowieckie 213419 Piaseczyński
71%
Śląskie 165949 Bielski
63%
Mazowieckie 159163 Miński
62%
Małopolskie 157651 Wadowicki
58%
Śląskie 175200 Cieszyński
56%
Wielkopolskie 158694 Ostrowski
56%
Nie znaleziono quizów pasujących do podanych kryteriów
Rozkład punktacji
Procent ludzi z każdym wynikiem
Percentyl według liczby udzielonych odpowiedzi
Twoja historia wyników
Nie rozwiązałeś tego quizu